Špecifiká podnikovej ekonomiky v odvetviach služieb

Oceňovanie služieb a meranie produktivity v službách. Tvorba podnikových záznamov v odvetviach služieb. Príručka pre zostavenie výkazov o duševnom kapitáli.

Salvato in:
Dettagli Bibliografici
Autore principale: Vančíková, Jana
Natura: Capitolo di libro
Lingua:slovacco
Soggetti:
Tags: Aggiungi Tag
Nessun Tag, puoi essere il primo ad aggiungerne!!

MARC

LEADER 00000naa$a2200000$$$4500
001 0052050
005 20240502071615.5
041 0 |a slo 
044 |a SK 
245 1 0 |a Špecifiká podnikovej ekonomiky v odvetviach služieb  |c Jana Vančíková 
520 |a Oceňovanie služieb a meranie produktivity v službách. Tvorba podnikových záznamov v odvetviach služieb. Príručka pre zostavenie výkazov o duševnom kapitáli. 
610 2 0 |a hospodárstvo podnikové 
610 2 0 |a služby 
610 2 0 |a oceňovanie 
610 2 0 |a produktivita 
610 2 0 |a meranie produktivity 
610 2 0 |a dokumenty 
610 2 0 |a vlastníctvo duševné 
610 2 0 |a príručky 
100 1 |a Vančíková, Jana